River Plate 2018/2019 Squad - Statistics

General Stats
  • This quiz has been taken 184 times
  • The average score is 20 of 29
Answer Stats
No. Answer % Correct
1 Argentina (GK) Franco Armani
99%
10 Colombia (MF) Juan Fernando Quintero
95%
11 Uruguay (MF) Nicolás De La Cruz
92%
- Argentina (MAN) Marcelo Gallardo
90%
19 Colombia (FW) Rafael Santos Borré
90%
22 Argentina (DF) Javier Pinola
88%
9 Argentina (FW) Julián Álvarez
88%
36 Argentina (DF) Nahuel Gallardo
88%
27 Argentina (FW) Lucas Pratto
85%
20 Argentina (DF) Milton Casco
82%
2 Paraguay (DF) Robert Rojas
82%
29 Argentina (DF) Gonzalo Montiel
81%
24 Argentina (MF) Enzo Pérez
80%
14 Argentina (GK) Germán Lux
77%
26 Argentina (MF) Ignacio Fernández
77%
(23) Argentina (MF) Leonardo Ponzio
70%
28 Argentina (DF) Lucas Martínez Quarta
69%
32 Argentina (FW) Ignacio Scocco
65%
8 Colombia (MF) Jorge Carrascal
65%
15 Argentina (MF) Exequiel Palacios
64%
18 Uruguay (MF) Camilo Mayada
60%
7 Argentina (FW) Matías Suárez
58%
25 Argentina (GK) Enrique Bologna
52%
5 Argentina (MF) Bruno Zuculini
51%
21 Argentina (MF) Cristian Ferreira
30%
4 Argentina (DF) Fabrizio Angileri
28%
13 Argentina (MF) Santiago Sosa
23%
6 Argentina (DF) Luciano Lollo
14%
16 Argentina (DF) Kevin Sibille
10%
No matching quizzes found
Score Distribution
Percent of People with Each Score
Percentile by Number Answered
Your Score History
You have not taken this quiz